4 to 13 Letter 'N' Places Quiz Stats

 Plays Quiz Updated Oct 13, 2017

Challenge
Share
Tweet
Embed
Score 0/10 Timer 02:00
16 Plays Today
Clue 'N'-Place % Correct
World's longest riverNile
99.2%
Landlocked country that shares Mt. Everest with ChinaNepal
95.4%
Most populous African countryNigeria
91.9%
European country with nearly 1/3 of its land area below sea levelNetherlands
80.6%
Oceanian country home to the MāoriNew Zealand
79.7%
Present day US state where the 'Lost Colony' was foundedNorth Carolina
73.7%
US state containing White Mountain National ForestNew Hampshire
72.5%
Fourth most populous Japanese cityNagoya
19.6%
Only Oceanian capital with an accent markNuku'alofa
18.2%
Capital of 'The Dead Heart of Africa'N'Djamena
15.7%

You're not logged in!

Compare scores with friends on all Sporcle quizzes.
OR
Log In

You Might Also Like...

Show Comments

Extras

Top Quizzes Today


Score Distribution

Your Account Isn't Verified!

In order to create a playlist on Sporcle, you need to verify the email address you used during registration. Go to your Sporcle Settings to finish the process.

Report this User

Report this user for behavior that violates our Community Guidelines.

Details: